000 00959nam a2200265 a 4500
005 20160115062230.0
008 140312t1998 wauad gr|||| 00| 0 spa d
040 _aCO-BoIAVH
_cCO-BoIAVH
041 _aspa
044 _axxu
082 4 _a346.0467516
_bM67n
100 1 _aMiranda, Marta
_920689
245 1 _aNo todo lo que brilla es oro
_bhacia un nuevo equilibrio entre conservación y desarrollo en las últimas fronteras forestales de Venezuela
260 _aWashington
_bInstituto de Recursos Mundiales
_c1998
300 _a52 paginas.
_bilustraciones, gráficas. ;
_c27 x 21 cm
650 4 _aFronteras forestales
_zVenezuela
_951290
650 _aPolítica forestal
_zVenezuela
_951291
650 _aActividades economicas
_zVenezuela
_951292
700 1 _aBlanco Uribe, Alberto
_920690
700 1 _aHernández, Lionell
_920691
700 1 _aOchoa G., José
_912291
700 1 _aYerena, Edgard
_920692
942 _cLIBRO
_2ddc
945 _d2004-03-26
999 _c3773
_d3773